Como realizar apresentacões de sucesso (Record no. 42322)

MARC details
000 -Etiqueta do registo
Valores 00856nam a2200277 4500
010 ## - Número ISBN
ISBN 9789898297495
021 ## - Número do Depósito Legal
Número 352142/12
100 ## - Dados gerais de processamento
Dados gerais 20140903d2013 m y0pory50030103ba
101 1# - Língua de publicação
Língua por
102 ## - País de publicação
País PT
200 1# - Titulo e menção de responsabilidade
Título próprio Como realizar apresentacões de sucesso
Primeira menção de responsabilidade Andrew Bradbury
Outras menções de responsabilidade trad. Paula Alexandra
-- rev. Magnetic
205 ## - Menção da edição
Edição 1.ª ed.
210 #9 - Publicação
Local de publicação Carnaxide
Nome do editor Smartbook,
Data de publicação 2013
215 ## - Descrição física 
Paginação / Volumes 174, [3] p.
Outras indicações físicas il.
Dimensões 22 cm
225 2# - Colecção 
Título próprio da colecção Criando sucesso
304 ## - Nota relativa ao título
Texto de nota Tít. orig.: Successful presentation skills
675 ## - CDU
Notação 808.5(035)
Edição BN
Língua por
675 ## - CDU
Notação 316.77(035)
Edição BN
Língua por
700 #1 - Autor principal
Apelido Bradbury,
Nome Andrew
702 #1 - Autor secundário
Apelido Alexandra,
Nome Paula
Função 730
712 02 - Autor entidade secundário
Nome da entidade Magnetic
801 #0 - Fonte de origem
País PT
Agência BN
Regras de catalogação RPC
856 41 - Localização e acesso electrónico 
URL <a href="http://rnod.bnportugal.gov.pt/ImagesBN/winlibimg.aspx?skey=&doc=1882909&img=48171&save=true">http://rnod.bnportugal.gov.pt/ImagesBN/winlibimg.aspx?skey=&doc=1882909&img=48171&save=true</a>
990 ## - Elementos KOHA
Tipo de documento Livro
Holdings
Aquisição Empréstimo Código de barras Cota Permissão de empréstimo Tipo de documento
Biblioteca Escolar Doutor Hernâni Cidade Biblioteca Escolar Doutor Hernâni Cidade 55381 808.51 BRA ORATÓRIA   Livro

Powered by Koha